Le età di Lulù /

সংরক্ষণ করুন:
গ্রন্থ-পঞ্জীর বিবরন
প্রধান লেখক: Grandes, Almudena (লেখক)
অন্যান্য লেখক: Carmignani, Ilide (অনুবাদক)
বিন্যাস: গ্রন্থ
ভাষা:ইতালিয়
প্রকাশিত: Parma : Guanda, 1990
মালা:Prosa contemporanea
ট্যাগগুলো: ট্যাগ যুক্ত করুন
কোনো ট্যাগ নেই, প্রথমজন হিসাবে ট্যাগ করুন!

MARC

LEADER 00000nam a22000007i 4500
001 IT\ICCU\RAV\0107806
003 ItRI
005 20260115231928.0
008 900809s1990 it |||||| ||||| |||||c
020 |a 8877464690 
040 |b ita  |c importazione bologna sebina 
041 7 |a ita  |2 ISO-639-2 
082 |a 863.64  |9 NARRATIVA SPAGNOLA. 1945-  |2 19 
100 1 |a Grandes, Almudena  |0 IT\ICCU\CFIV\107216  |4 aut 
240 1 4 |a Las edades de Lulú  |3 IT\ICCU\UBO\2877390  |9 Grandes, Almudena 
245 1 3 |a Le età di Lulù /  |c Almudena Grandes ; traduzione di Ilide Carmignani. 
260 |a Parma :  |b Guanda,  |c 1990 
300 |a 240 p. ;  |c 20 cm 
700 1 |a Carmignani, Ilide  |0 IT\ICCU\CFIV\012537  |4 trl 
830 0 |a Prosa contemporanea  |0 IT\ICCU\CFI\0003884 
942 |2 ddc  |c BK  |n 0 
952 |0 0  |1 0  |4 0  |6 DOC_863_640000000000000_GRA  |7 0  |9 16862  |a BO  |b BO  |d 2026-01-15  |i 9117  |l 0  |o DOC 863.64 GRA  |p BO9117  |r 2026-01-15 23:19:28  |w 2026-01-15  |x [Sebina 5] [1 v.]  |y BK  |z 1 v. 
999 |c 14410  |d 14410